书目信息 |
| 题名: |
悦读
|
|
| 作者: | 王学 主编 | |
| 分册: | ||
| 出版信息: | 北京 人民日报出版社 2017 |
|
| 页数: | 212页 | |
| 开本: | 21cm | |
| 丛书名: | ||
| 单 册: | ||
| 中图分类: | G792-49 | |
| 科图分类: | ||
| 主题词: | 读书方法--通俗读物 | |
| 电子资源: | ||
| ISBN: | 978-7-5115-4996-9 | |
| 000 | 00803nam0 2200241 450 | |
| 001 | 012001004710 | |
| 005 | 20140125081423.0 | |
| 010 | @a978-7-5115-4996-9@dCNY49.00 | |
| 100 | @a20181129d2017 em y0chiy50 ea | |
| 101 | 0 | @achi |
| 102 | @aCN@b110000 | |
| 105 | @ay z 000yy | |
| 106 | @ar | |
| 200 | 1 | @a悦读@Ayue du@e基层理论宣讲员读本@f王学主编 |
| 210 | @a北京@c人民日报出版社@d2017 | |
| 215 | @a212页@d21cm | |
| 330 | @a本书品历代诗文经典、讲名人读书故事、赏名人读书美文,富有启发性和感染力,对提升个人素养、增加阅读兴趣、改进读书方法有一定的积极意义。 | |
| 517 | 1 | @a基层理论宣讲员读本@Aji ceng li lun xuan jiang yuan du ben |
| 606 | 0 | @a读书方法@j通俗读物 |
| 690 | @aG792-49@v5 | |
| 701 | 0 | @a王学@Awang xue@4主编 |
| 801 | 0 | @b江苏凤凰@c20191020 |
| 905 | @b1239234-9@dG792-49@e1908@f6 | |
| 悦读:基层理论宣讲员读本/王学主编.-北京:人民日报出版社,2017 |
| 212页;21cm |
| ISBN 978-7-5115-4996-9:CNY49.00 |
| 本书品历代诗文经典、讲名人读书故事、赏名人读书美文,富有启发性和感染力,对提升个人素养、增加阅读兴趣、改进读书方法有一定的积极意义。 |
| ● |
| 相关链接 |
|
|
|
|
正题名:悦读
索取号:G792-49/1908
 
预约/预借
| 序号 | 登录号 | 条形码 | 馆藏地/架位号 | 状态 | 备注 |
| 1 | 1239234 | 212392347 | 第一样本阅览室/ [索取号:G792-49/1908] | 在馆 | |
| 2 | 1239235 | 212392356 | 教育系资料室/ [索取号:G792-49/1908] | 在馆 | |
| 3 | 1239236 | 212392365 | 教育系资料室/ [索取号:G792-49/1908] | 在馆 | |
| 4 | 1239237 | 212392374 | 教育系资料室/ [索取号:G792-49/1908] | 在馆 | |
| 5 | 1239238 | 212392383 | 第四借阅区/ [索取号:G792-49/1908] | 在馆 | |
| 6 | 1239239 | 212392392 | 第四借阅区/ [索取号:G792-49/1908] | 在馆 |